Nari aru samajik abichar (Record no. 4124)

MARC details
000 -LEADER
fixed length control field 00505cam a2200193ua 4500
008 - FIXED-LENGTH DATA ELEMENTS--GENERAL INFORMATION
fixed length control field 111223n ii |||gr||||Z||||||asm
040 ## - CATALOGING SOURCE
Transcribing agency MAIN
082 ## - DEWEY DECIMAL CLASSIFICATION NUMBER
Classification number 305.4
100 1# - MAIN ENTRY--PERSONAL NAME
Personal name Gandhi, Mahatma,
245 11 - TITLE STATEMENT
Title Nari aru samajik abichar
Statement of responsibility, etc. by Mahatma Gandhi
250 ## - EDITION STATEMENT
Edition statement 3rd.
260 ## - PUBLICATION, DISTRIBUTION, ETC.
Place of publication, distribution, etc. Guwahati:
Name of publisher, distributor, etc. Publication Board Assam,983.
300 ## - PHYSICAL DESCRIPTION
Extent 356p:5cm.
700 1# - ADDED ENTRY--PERSONAL NAME
Personal name Duwara, Kalpita,
Relator term
942 ## - ADDED ENTRY ELEMENTS (KOHA)
Koha item type Books
653 ## - INDEX TERM--UNCONTROLLED
Uncontrolled term Social group of women
653 ## - INDEX TERM--UNCONTROLLED
Uncontrolled term Nari aru samajik abichar
Holdings
Withdrawn status Lost status Damaged status Not for loan Home library Current library Shelving location Date acquired Total Checkouts Full call number Barcode Date last seen Copy number Price effective from Koha item type
        Central Library, Naharkatiya College Central Library, Naharkatiya College General Stacks 19/09/2020   305.4 | GAN 10573 19/09/2020 1 19/09/2020 Books

Naharkatiya College © 2020. All rights reserved.

Powered By